Fast Food - Statystyki

Ogólne statystyki
  • Ten quiz został rozwiązany 1 161 razy
  • Średni wynik to 5 z 14
Statystyki odpowiedzi
Pierwsza litera Odpowiedź % Poprawnych
H Hamburger
87%
P Frytki
85%
K Kebab
74%
H Hot dog
58%
C Cheeseburger
55%
Z Zapiekanka
46%
T Tortilla
36%
K Kurczak
34%
C Chickenburger
14%
P Pita
13%
T Tacos
12%
C Corn dog
9%
F Fishburger
8%
P Pasztecik Szczeciński
8%
Nie znaleziono quizów pasujących do podanych kryteriów
Rozkład punktacji
Procent ludzi z każdym wynikiem
Percentyl według liczby udzielonych odpowiedzi
Twoja historia wyników
Nie rozwiązałeś tego quizu